| 000 | 00794nam a2200241 a 4500 | ||
|---|---|---|---|
| 001 | 14167 | ||
| 003 | BD-JhCC | ||
| 005 | 20250205122754.0 | ||
| 008 | 250204b1993 e a|||| ||a| 001 0 eng d | ||
| 020 | _a0201533766 | ||
| 035 | _a(BD-JhCC)14167 | ||
| 040 |
_aBD-JhCC _dBD-JhCC |
||
| 041 | _aEnglish | ||
| 082 |
_a621.3 _bWES 1993 |
||
| 100 | _a Weste,Neil H. E. | ||
| 245 |
_aPrinciples of CMOS VLSI design : _ba systems perspective / _cNeil H. E. Weste, Kamran Eshraghian. |
||
| 260 |
_aNew York: _bAddison-Wesley Pub; _c1993. |
||
| 300 |
_axxii, 713 p. : _bill; _c24 cm. |
||
| 651 |
_aCircuits intégrés à très grande _vscale integration Design and construction _xMOS complémentaires _zMetal oxide semiconductors, |
||
| 700 | _a Eshraghian,Kamran | ||
| 942 |
_2ddc _cBK |
||
| 999 |
_c14167 _d14167 |
||